000 00394nam a2200169Ia 4500
008 170705s9999 xx 000 0 und d
020 _a9780590409230
245 _aBlueberries for Sal /
245 _cRobert McCloskey.
260 _aNew York :
260 _bScholastic,
260 _c1948
300 _a54 pages :
300 _bcolor illustration ;
300 _c19cm.
500 _a890
999 _c336461
_d336461